Roosevelt tér 1-3.
Elmentve itt :
| Dokumentumtípus: | Cikk |
|---|---|
| Megjelent: |
1986-12-20
|
| Sorozat: | Délmagyarország
76 No. 299 |
| Kulcsszavak: | műemlékek |
| Online Access: | http://dmarchiv.bibl.u-szeged.hu/122601 |
| LEADER | 00387nab a2200145 i 4500 | ||
|---|---|---|---|
| 001 | delm122601 | ||
| 005 | 20190911080635.0 | ||
| 008 | 190911s1986 hu o 0|| hun d | ||
| 040 | |a SZTE Délmagyarország Archívum |b hun | ||
| 041 | |a hun | ||
| 245 | 0 | 0 | |a Roosevelt tér 1-3. |h [elektronikus dokumentum] |
| 260 | |c 1986-12-20 | ||
| 300 | |a 5 | ||
| 490 | 0 | |a Délmagyarország |v 76 No. 299 | |
| 695 | |a műemlékek | ||